|
|
|
|
| LEADER |
00000cam a22000005a 4500 |
| 001 |
vtls010337506 |
| 003 |
SK-MaSNL |
| 005 |
20260526034708.0 |
| 008 |
180810s1721 xo 000 0 lat |
| 015 |
|
|
|a SNBHFA
|
| 040 |
|
|
|a SNK
|b slo
|c SNK
|e AACR2
|
| 041 |
0 |
|
|a lat
|
| 044 |
|
|
|a xo
|c SK
|
| 072 |
|
7 |
|a 2-1
|x Prirodzená teológia. Náboženská filozofia
|2 konspekt
|
| 080 |
|
|
|a 2-1
|2 2011
|
| 080 |
|
|
|a (049.2)
|2 2011
|
| 100 |
1 |
|
|a Erdődi, Gabriel Anton,
|d 1684-1744
|4 aut
|4 aui
|9 406637
|
| 245 |
1 |
0 |
|a Opusculum Theologicum
|b In quo quaeritur, An, & qualiter possit Princeps, Magistratus, Dominus Catholicus, in ditione sua retinere Haeritocos; vel contra, poenis eos, aut exilio ad fidem Catholicam amplectendam cogere? ; Sumptibus In Lucem Editum. Atque Excelsae Regiae Ac Inclytae Regni Hungariae, in negotio Religionis Articulari Commissioni Ab Eodem Oblatum
|c Illustrissimi Et Reverendissimi DD. Comitis Gabrielis Antonij Erdoedy De Monyorokerek, Episcopi Agriensis Montis Claudij, & Comnitatuum Varasdinensis Perpetui, Hevesiensis veró & exterioris Szolnok Supremi Comitis, Abbatis S. Georgii Militis & Martyris de Jaak, Sacrae Caesareae Regiaeque Majestatis Consiliarij, &c. &c.
|
| 260 |
|
|
|a Tyrnaviae
|b Typis Academicis, per Frideric. Gall.
|c M.DCC.XXI. [=1721]
|
| 300 |
|
|
|a [8], 87 s.
|c 19 cm
|
| 500 |
|
|
|a Vlysy. Vineta. Ozdobné iniciály. Zložky. Kustody
|
| 508 |
|
|
|a Úvod autora
|
| 510 |
4 |
|
|a Bibliografia 18. storočia
|c 2530
|
| 650 |
0 |
7 |
|a teológia
|2 SNKPH
|9 1814
|
| 650 |
0 |
7 |
|a náboženská filozofia
|2 SNKPH
|9 3774
|
| 655 |
|
7 |
|a polemiky
|2 SNKPH
|9 22317
|
| 700 |
1 |
|
|a Gall, Fridrich Anton,
|d činný 18. storočie
|4 bkp
|9 168309
|
| 710 |
2 |
|
|a Akademická tlačiareň (Trnava, Slovensko)
|4 prt
|9 232890
|
| 752 |
|
|
|a Slovensko
|d Trnava
|
| 852 |
2 |
|
|a SNK
|b SC 8359
|
| 958 |
|
|
|a ONDV
|
| 958 |
|
|
|a DD
|
| 999 |
|
|
|c 922770
|d 924700
|
| 952 |
|
|
|a SNK
|b SNK
|y PREZ
|7 0
|p 17A0835178
|o snkSC 8359 D1
|i snk2012/2001
|8 3
|0 0
|1 0
|4 0
|d 2012-01-25
|l 0
|r 2026-02-24 08:21:23
|w 2026-02-24
|
| 952 |
|
|
|a SNK
|b SNK
|y PREZ
|7 0
|p 17A0794839
|o snkSC 8359
|i snkKSK 1369/56
|8 3
|0 0
|1 0
|4 0
|d 2019-07-23
|l 0
|r 2025-07-09 00:00:00
|w 2026-02-24
|